Mimesis, desire, and the novel: Rene Girard and Literary Criticism
Fifty years after its publication in English, Ren ̌Girard's Deceit, Desire, and the Novel (1965) has never ceased to fascinate, challenge, inspire, and sometimes irritate, literary scholars. It has become one of the great classics of literary criticism, and the notion of triangular desire is no...
MARC
| LEADER | 00000cam a22000002c 4500 | ||
|---|---|---|---|
| 001 | 1889042927 | ||
| 003 | DE-627 | ||
| 005 | 20251227180229.0 | ||
| 007 | cr uuu---uuuuu | ||
| 008 | 240517s2015 xxu|||||o 00| ||eng c | ||
| 020 | |a 9781609174521 |c electronic bk. |9 978-1-60917-452-1 | ||
| 020 | |a 1609174526 |c electronic bk. |9 1-60917-452-6 | ||
| 020 | |z 9781611861655 | ||
| 020 | |z 9781628951738 | ||
| 020 | |z 1628951737 | ||
| 020 | |z 9781628961737 | ||
| 020 | |z 1611861659 | ||
| 035 | |a (DE-627)1889042927 | ||
| 035 | |a (DE-599)KEP103148140 | ||
| 035 | |a (MiAaJST)j.ctt16t8zbr | ||
| 035 | |a (DE-627-1)103148140 | ||
| 040 | |a DE-627 |b ger |c DE-627 |e rda | ||
| 041 | |a eng | ||
| 044 | |c XD-US | ||
| 050 | 0 | |a PN56.M536 | |
| 072 | 7 | |a FIC 000000 |2 bisacsh | |
| 082 | 0 | |a 809.93358 |2 23 | |
| 084 | |a 1 |2 ssgn | ||
| 084 | |a EC 1580 |q SEPA |2 rvk |0 (DE-625)rvk/20406: | ||
| 245 | 0 | 0 | |a Mimesis, desire, and the novel |b Rene Girard and Literary Criticism |c edited by Pierpaolo Antonello and Heather Webb |
| 264 | 1 | |a East Lansing, MI |b Michigan State University Press |c 2015 | |
| 264 | 4 | |c ©2015 | |
| 300 | |a 1 Online-Ressource | ||
| 336 | |a Text |b txt |2 rdacontent | ||
| 337 | |a Computermedien |b c |2 rdamedia | ||
| 338 | |a Online-Ressource |b cr |2 rdacarrier | ||
| 490 | 0 | |a Studies in violence, mimesis, and culture | |
| 500 | |a Includes bibliographical references and index | ||
| 505 | 8 | |a Title Page; Copyright Page; Contents; Acknowledgments; Introduction; Part One. Theoretical Considerations; Jealousy and Novelistic Knowledge -- Maria DiBattista; Desiring Proust: Girard against Deleuze -- Alessia Ricciardi; Within and Beyond Mimetic Desire -- Luca Di Blasi; On Girard's Biblical Realism -- Karen S. Feldman; Creative Renunciation: The Spiritual Heart of Deceit, Desire, and the Novel -- Wolfgang Palaver; Part Two. Mimetic Hermeneutics in History; The Desire to Be You: The Discourse of Praise for the Roman Emperor -- Marco Formisano. | |
| 505 | 8 | |a René Girard and (Medieval) Sanctity: A Reappraisal -- Bill BurgwinkleDubbiosi Disiri: Mimetic Processes in Dante's Comedy -- Manuele Gragnolati and Heather Webb; For a Comparative Topography of Desire: Mimetic Theory and the World Map -- Rosa Mucignat; Nobody's Fault: Dickens, René Girard, and the Novel -David Quint; "Let Us Carve Him as a Feast Fit for the Gods": Girard and Unjust Execution in Nineteenth-Century Narrative -- Jan-Melissa Schramm. | |
| 505 | 8 | |a Dostoyevsky's Metaphysical Theater: The Underground Man and the Masochist in Deceit, Desire, and the Novel and Resurrection from the Underground -- Yue ZhuoDeceit, Desire, Violence, and Death in the Short Stories of Georges Bernanos -- Brian Sudlow; Mimetic Desire in Otherworldly Narratives -- Laura Wittman; Desire, Deceit, and Defeat in the Work of Roberto Arlt -- Jobst Welge; Recantation without Conversion: Desire, Mimesis, and the Paradox of Engagement in Pier Paolo Pasolini's Petrolio -- Christoph F.E. Holzhey; Jonathan Franzen's Novelistic Conversion -- Trevor Cribben Merrill. | |
| 505 | 8 | |a Mimetic Desire and Monstrous Doubles in Jonathan Littell's The Kindly Ones -- Robert BuchAppendix. Literature and Christianity: A Personal View -- René Girard; Contributors; Index. | |
| 520 | |a Fifty years after its publication in English, Ren ̌Girard's Deceit, Desire, and the Novel (1965) has never ceased to fascinate, challenge, inspire, and sometimes irritate, literary scholars. It has become one of the great classics of literary criticism, and the notion of triangular desire is now part of the theoretical parlance among critics and students. It also represents the genetic starting point for what has become one of the most encompassing, challenging, and far-reaching theories conceived in the humanities in the last century: mimetic theory. This book provides a forum for new generations of scholars and critics to reassess, challenge, and expand the theoretical and hermeneutical reach of key issues brought forward by Girard's book, including literary knowledge, realism and representation, imitation and the anxiety of influence, metaphysical desire, deviated transcendence, literature and religious experience, individualism and modernity, and death and resurrection. It also provides a more extensive and detailed historical understanding of the representation of desire, imitation, and rivalry within European and world literature, from Dante to Proust and from Dickens to Jonathan Littell | ||
| 546 | |a English | ||
| 600 | 1 | 0 | |a Girard, René |d 1923-2015 |x Criticism and interpretation |
| 600 | 1 | 4 | |a Girard, René - 1923-2015 |
| 601 | |a Girard, René | ||
| 650 | 0 | |a Mimesis in literature | |
| 650 | 0 | |a Desire in literature | |
| 650 | 4 | |a Mimêsis dans la littérature | |
| 650 | 4 | |a Désir dans la littérature | |
| 650 | 4 | |a FICTION - General | |
| 650 | 4 | |a Desire in literature | |
| 650 | 4 | |a Mimesis in literature | |
| 650 | 4 | |a Criticism, interpretation, etc | |
| 655 | 4 | |a Criticism, interpretation, etc | |
| 655 | 7 | |a Konferenzschrift |0 (DE-588)1071861417 |0 (DE-627)826484824 |0 (DE-576)433375485 |2 gnd-content | |
| 655 | 7 | |a Aufsatzsammlung |0 (DE-588)4143413-4 |0 (DE-627)105605727 |0 (DE-576)209726091 |2 gnd-content | |
| 689 | 0 | 0 | |d p |0 (DE-588)118539507 |0 (DE-627)079338933 |0 (DE-576)161119867 |2 gnd |a Girard, René |d 1923-2015 |
| 689 | 0 | 1 | |d s |0 (DE-588)4036020-9 |0 (DE-627)104313102 |0 (DE-576)209016035 |2 gnd |a Literaturkritik |
| 689 | 0 | |5 (DE-627) | |
| 689 | 1 | 0 | |d p |0 (DE-588)118539507 |0 (DE-627)079338933 |0 (DE-576)161119867 |2 gnd |a Girard, René |d 1923-2015 |
| 689 | 1 | 1 | |d s |0 (DE-588)4039392-6 |0 (DE-627)104493852 |0 (DE-576)209034777 |2 gnd |a Mimesis |
| 689 | 1 | 2 | |d s |0 (DE-588)4144301-9 |0 (DE-627)105599344 |0 (DE-576)209733055 |2 gnd |a Begierde |
| 689 | 1 | 3 | |d s |0 (DE-588)4036031-3 |0 (DE-627)106244612 |0 (DE-576)209016078 |2 gnd |a Literaturtheorie |
| 689 | 1 | 4 | |d s |0 (DE-588)4050479-7 |0 (DE-627)104137673 |0 (DE-576)209087579 |2 gnd |a Roman |
| 689 | 1 | |5 (DE-627) | |
| 689 | 2 | 0 | |d p |0 (DE-588)118539507 |0 (DE-627)079338933 |0 (DE-576)161119867 |2 gnd |a Girard, René |d 1923-2015 |
| 689 | 2 | |5 (DE-627) | |
| 689 | 3 | 0 | |d s |0 (DE-588)4039392-6 |0 (DE-627)104493852 |0 (DE-576)209034777 |2 gnd |a Mimesis |
| 689 | 3 | |5 (DE-627) | |
| 689 | 4 | 0 | |d s |0 (DE-588)4144301-9 |0 (DE-627)105599344 |0 (DE-576)209733055 |2 gnd |a Begierde |
| 689 | 4 | |5 (DE-627) | |
| 700 | 1 | |e HerausgeberIn |0 (DE-588)134120795 |0 (DE-627)605680663 |0 (DE-576)188127453 |4 edt |a Antonello, Pierpaolo |d 1965- | |
| 700 | 1 | |e HerausgeberIn |0 (DE-588)14113464X |0 (DE-627)624940632 |0 (DE-576)321799712 |4 edt |a Webb, Heather |d 1976- | |
| 776 | 0 | 8 | |i Erscheint auch als |n Druck-Ausgabe |t Mimesis, desire, and the novel |d East Lansing : Michigan State University Press, 2015 |h liii, 303 Seiten |w (DE-627)1620145626 |w (DE-576)470614978 |z 9781611861655 |k Non-Electronic |
| 787 | 0 | 8 | |i Rezensiert in |a Cain, William E., 1952 - |t [Rezension von: Mimesis, desire, and the novel : Rene Girard and Literary Criticism] |d 2018 |w (DE-627)1902725131 |
| 787 | 0 | 8 | |i Rezensiert in |a Robertson, Ben P., 1972 - |t [Rezension von: Mimesis, desire, and the novel : Rene Girard and Literary Criticism] |d 2022 |w (DE-627)1903509084 |
| 856 | 4 | 0 | |u https://www.jstor.org/stable/10.14321/j.ctt16t8zbr |m X:JSTOR |x Verlag |z lizenzpflichtig |7 1 |
| 912 | |a EBS-39-JBK | ||
| 935 | |a GIRA | ||
| 936 | r | v | |a EC 1580 |b Einzelne Literaturwissenschaftler |k Allgemeine und vergleichende Sprach- und Literaturwissenschaft. Indogermanistik. Außereuropäische Sprachen und Literaturen |k Allgemeine und vergleichende Literaturwissenschaft. |k Geschichte der Literaturwissenschaft/Literaturtheorie |k Einzelne Literaturwissenschaftler |0 (DE-627)1270728709 |0 (DE-625)rvk/20406: |0 (DE-576)200728709 |
| 951 | |a BO | ||
| ACO | |a 1 | ||
| BIB | |a 1 | ||
| ELC | |a 1 | ||
| LOK | |0 000 xxxxxcx a22 zn 4500 | ||
| LOK | |0 001 4580577191 | ||
| LOK | |0 003 DE-627 | ||
| LOK | |0 004 1889042927 | ||
| LOK | |0 005 20250813140407 | ||
| LOK | |0 008 240917||||||||||||||||ger||||||| | ||
| LOK | |0 040 |a DE-Tue135-1 |c DE-627 |d DE-Tue135-1 | ||
| LOK | |0 852 |a DE-Tue135-1 | ||
| LOK | |0 852 1 |m p |9 00 | ||
| LOK | |0 866 |x Bibliography no | ||
| LOK | |0 935 |a inmo | ||
| LOK | |0 938 |k p | ||
| LOK | |0 939 |a 17-09-24 |b l01 | ||
| ORI | |a SA-MARC-ixtheoa001.raw | ||
| REF | |a Literaturinterpretation | ||
| REL | |a 1 | ||
| SPR | |a 1 |t BIB |t IXT | ||
| STA | 0 | 0 | |a Desire,Desire,Craving,Literary criticism,Literature,Literature theory,Mimesis,Novel,Fiction |
| STB | 0 | 0 | |a Critique littéraire,Désir,Désir,Mimésis,Mimèsis,Mimèsis,Roman,Théorie littéraire,Théorie de la littérature,Théorie de la littérature |
| STC | 0 | 0 | |a Crítica literaria,Deseo,Deseo,Mimesis,Novela,Novelas,Teoría literaria |
| STD | 0 | 0 | |a Critica letteraria,Desiderio,Desiderio <motivo>,Concupiscenza (motivo),Concupiscenza,Concupiscenza,Concupiscenza,Mimesis,Romanzo,Teoria della letteratura,Teoria letteraria,Teoria letteraria |
| STE | 0 | 0 | |a 小说,文学批判,文学评论,文学批评,文学理论,模仿自然,摹拟,模仿,欲望,欲望 |
| STF | 0 | 0 | |a 小說,慾望,慾望,文學批判,文學評論,文學批評,文學理論,模仿自然,摹擬,模仿 |
| STG | 0 | 0 | |a Crítica literária,Desejo,Desejo,Mimese,Romance,Teoria literária |
| STH | 0 | 0 | |a Литературная критика,Мимесис,Роман,Страстное желание,Страстное желание (мотив),Теория литературы |
| STI | 0 | 0 | |a Επιθυμία,Επιθυμία <μοτίβο>,Πόθος (μοτίβο),Πόθος,Θεωρία της λογοτεχνίας,Λογοτεχνική κριτική,Μίμηση,Μυθιστόρημα |
| SUB | |a BIB |a REL | ||
| SYA | 0 | 0 | |a Girard, René Noël Théophile,1923-2015,Žurar, Rene,1923-2015 |
| SYG | 0 | 0 | |a Girard, René Noël Théophile,1923-2015,Žurar, Rene,1923-2015 , Kritik , Girard, René Noël Théophile,1923-2015,Žurar, Rene,1923-2015 , Nachahmung,Imitatio naturae , Begehren,Gier , Literatur , Prosaroman , Romesmarkt,Románvásár,Romanvarasch , Roman , Girard, René Noël Théophile,1923-2015,Žurar, Rene,1923-2015 , Nachahmung,Imitatio naturae , Begehren,Gier |



